000 00420ntaaa2200169 4500
003 01
005 20251027201605.0
008 0714s1973 ag 01
040 _aAR-BaBN
_bspa
_cAR-BaBN
_eaacr
_dRIC
082 _a230.0000 R99
100 _aRyrie, Carlos Caldwell
_914512
245 _aNeo-Ortodoxia, lo que es y lo que hace.
250 _a1 ed. :
_bMoody,
_cn.f.
300 _a77 p.
650 _aTeologĂ­a
942 _cBK
999 _c10485
_d10485